000 01023nam a22002177i 4500
999 _c23136
_d23136
003 AR-CdUCM
008 241115b20212021 pe||||| |||| 00| 0 spa d
040 _aMUNICIPALIDAD PROVINCIAL DEL CUSCO
_cBIBLIOTECA MUNICIPAL DEL CUSCO
041 _hspa
082 _a985.613 / M84
_b M84
100 _aMontes Ataucuri, W. Edmundo
_923744
245 _aChumbivilcas, reino de semidioses /
260 _aCusco :
_c2021
300 _a142 páginas. :
_c21 cm.
505 _aChumbivilcas, pueblo de mellizos -- Hipótesis arcaicas sobre la etimología de la palabra Chumbivilcas -- Significado de las palabras chunpi y ch´unpi -- Significado de la palabra willka -- mitos -- Jerarquía de los willkas o sacerdotes incas según Blas Valera -- Religiosos andinos -- Alqa-wisas, sacerdotes mellizos -- Los chhuchus o qorirasus -- Las etnias prehispánicas de Chumbivilcas
650 _aInformación
_923515
650 _aTradiciones
_9229
650 _aNaturaleza
_94241
942 _2ddc
_cLIBROS
945 _apbj
_d15-11-2024